[Event "Titled Tuesday intern op 04th Oct Late"]
[Site "Chess.com INT"]
[Date "2022.10.04"]
[Round "4"]
[White "Capp, Stephen P"]
[Black "Jean Louis, Marckens"]
[Result "1-0"]
[WhiteElo "1920"]
[BlackElo "2073"]
[PlyCount "77"]
[EventDate "2022.10.04"]
[EventType "swiss (blitz)"]
[EventRounds "11"]
[EventCountry "USA"]
[SourceTitle "EXT 2023"]
[Source "ChessBase"]
[SourceDate "2022.10.05"]
[SourceVersion "1"]
[SourceVersionDate "2022.10.05"]
[SourceQuality "1"]

1. e4 e6 2. d4 d5 3. e5 c5 4. c3 Nc6 5. Nf3 Qb6 6. Bd3 Bd7 7. 0-0 cxd4 8. cxd4 Nxd4 9. Nxd4 Qxd4 10. Qe2 Ne7 11. Kh1 Ng6 12. f4 Qb6 13. Nc3 Bb4 14. f5 Ne7 15. fxe6 Bxe6 16. a3 Bxc3 17. bxc3 Rc8 18. Be3 Qa5 19. Bd4 Nc6 20. Rab1 Rc7 21. Rb3 a6 22. Bb6 Qa4 23. Bxc7 Qxb3 24. Bd6 Qxc3 25. Bxa6 bxa6 26. Qxa6 Nd8 27. Qa7 Bd7 28. h3 Qc6 29. Qf2 f6 30. Qg3 Kf7 31. exf6 gxf6 32. Qf4 f5 33. Qe5 Re8 34. Qg3 Re6 35. Be5 Rg6 36. Qh4 Ke6 37. Bd4 Nf7 38. Re1+ Kd6 39. Qf4+ 1-0

[Event "Titled Tuesday intern op 04th Oct Early"]
[Site "Chess.com INT"]
[Date "2022.10.04"]
[Round "5"]
[White "Jean Louis, Marckens"]
[Black "Arabidze, Meri"]
[Result "0-1"]
[WhiteElo "2073"]
[BlackElo "2422"]
[PlyCount "72"]
[EventDate "2022.10.04"]
[EventType "swiss (blitz)"]
[EventRounds "11"]
[EventCountry "USA"]
[SourceTitle "EXT 2023"]
[Source "ChessBase"]
[SourceDate "2022.10.05"]
[SourceVersion "1"]
[SourceVersionDate "2022.10.05"]
[SourceQuality "1"]

1. d4 f5 2. c4 e6 3. Nc3 Nf6 4. Nf3 Bb4 5. Qb3 a5 6. g3 b6 7. Bg2 Bb7 8. 0-0 0-0 9. Rd1 Bxc3 10. Qxc3 Be4 11. b3 Qe7 12. Bb2 d6 13. a3 c5 14. b4 Nbd7 15. dxc5 bxc5 16. b5 Nb6 17. Rac1 Na4 18. Qd2 Nxb2 19. Qxb2 d5 20. Qe5 d4 21. Ng5 Bxg2 22. Kxg2 Rfe8 23. Nf3 Ng4 24. Qf4 Qf6 25. e4 dxe3 26. Qc7 exf2 27. Rd7 e5 28. Qxc5 e4 29. Nd4 f4 30. Nf5 f3+ 31. Kh3 e3 32. Rxg7+ Kh8 33. Qc7 Qxf5 34. Rxg4 Qh5+ 35. Rh4 Qf5+ 36. g4 Qg6 0-1

[Event "Titled Tuesday intern op 04th Oct Early"]
[Site "Chess.com INT"]
[Date "2022.10.04"]
[Round "2"]
[White "Jean Louis, Marckens"]
[Black "Ezat, Mohamed Mahmoud"]
[Result "0-1"]
[WhiteElo "2073"]
[BlackElo "2391"]
[PlyCount "86"]
[EventDate "2022.10.04"]
[EventType "swiss (blitz)"]
[EventRounds "11"]
[EventCountry "USA"]
[SourceTitle "EXT 2023"]
[Source "ChessBase"]
[SourceDate "2022.10.05"]
[SourceVersion "1"]
[SourceVersionDate "2022.10.05"]
[SourceQuality "1"]

1. d4 Nf6 2. c4 e6 3. Nc3 Bb4 4. Qc2 d5 5. Bg5 h6 6. Bh4 c5 7. dxc5 d4 8. 0-0-0 Bxc3 9. bxc3 Nc6 10. e3 d3 11. Bxd3 Qa5 12. Ne2 Qxc5 13. Nd4 Ne5 14. Nb3 Qc6 15. c5 Nd5 16. Bg3 Nxd3+ 17. Rxd3 0-0 18. Bd6 Re8 19. e4 Nf6 20. Re3 e5 21. Rd1 a5 22. Nd2 Be6 23. Rg3 Nh5 24. Rd3 Nf4 25. Re3 Nxg2 26. Rg3 Nf4 27. Kb2 Nh5 28. Rg2 Qb5+ 29. Ka1 Qe2 30. Rdg1 Bh3 31. Rg3 Nxg3 32. Rxg3 Be6 33. Bxe5 g6 34. Bd4 Rad8 35. Qc1 Kh7 36. Re3 Qxf2 37. Rf3 Qe2 38. Rf2 Qh5 39. Nf3 Bg4 40. Ne5 Rxe5 41. Rxf7+ Kg8 42. Bxe5 Qxe5 43. Rxb7 Rd1 0-1

[Event "Titled Tuesday intern op 04th Oct Late"]
[Site "Chess.com INT"]
[Date "2022.10.04"]
[Round "2"]
[White "Jean Louis, Marckens"]
[Black "Milchev, Nikolay"]
[Result "0-1"]
[WhiteElo "2073"]
[BlackElo "2386"]
[PlyCount "98"]
[EventDate "2022.10.04"]
[EventType "swiss (blitz)"]
[EventRounds "11"]
[EventCountry "USA"]
[SourceTitle "EXT 2023"]
[Source "ChessBase"]
[SourceDate "2022.10.05"]
[SourceVersion "1"]
[SourceVersionDate "2022.10.05"]
[SourceQuality "1"]

1. d4 d5 2. Nf3 Nf6 3. e3 c5 4. c3 e6 5. Bd3 Nc6 6. 0-0 Bd6 7. Re1 0-0 8. Nbd2 e5 9. dxe5 Nxe5 10. Nxe5 Bxe5 11. Nf3 Bc7 12. h3 Qd6 13. Qc2 Re8 14. Bf5 Ne4 15. Bxc8 Raxc8 16. Rd1 c4 17. Bd2 h5 18. Be1 g5 19. g3 g4 20. hxg4 hxg4 21. Nh4 Qe6 22. Rd4 Bb6 23. Rdd1 f5 24. Kg2 Kf7 25. b3 cxb3 26. Qxb3 Red8 27. a4 Rd7 28. a5 Bd8 29. Ra4 Bxh4 30. gxh4 Nc5 31. Qb4 Nxa4 32. Qxa4 Rc4 33. Qb5 a6 34. Qb1 Qe4+ 35. Qxe4 Rxe4 36. Rb1 Ra4 37. Rb6 Rxa5 38. c4 Rc5 39. cxd5 Rcxd5 40. Bc3 R5d6 41. Rb1 b5 42. Bd4 Rc6 43. Kg3 Kg6 44. Kf4 Rc4 45. h5+ Kxh5 46. Kxf5 Rd5+ 47. Kf6 Rc6+ 48. Kf7 Rxd4 49. Ke8 Re4+ 0-1

[Event "Titled Tuesday intern op 27th Sep Early"]
[Site "Chess.com INT"]
[Date "2022.09.27"]
[Round "8"]
[White "Jean Louis, Marckens"]
[Black "Jeet, Jain"]
[Result "1-0"]
[WhiteElo "2031"]
[BlackElo "2167"]
[PlyCount "201"]
[EventDate "2022.09.27"]
[EventType "swiss (blitz)"]
[EventRounds "11"]
[EventCountry "USA"]
[SourceTitle "CBM 210 Extra"]
[Source "ChessBase"]
[SourceDate "2022.11.30"]
[SourceVersion "1"]
[SourceVersionDate "2022.11.30"]
[SourceQuality "1"]

1. d4 Nc6 2. Nf3 Nf6 3. d5 Nb8 4. Bg5 c6 5. Bxf6 gxf6 6. e4 Qb6 7. Nbd2 Qxb2 8. Bc4 Qb6 9. 0-0 Bg7 10. Nh4 e6 11. dxe6 fxe6 12. Qh5+ Kf8 13. Ndf3 d5 14. Bd3 Bd7 15. e5 Be8 16. Qg4 c5 17. exf6 Bxf6 18. Ng5 Bxg5 19. Qxg5 Qb2 20. Rae1 Bf7 21. f4 Nc6 22. f5 e5 23. Qh6+ Ke7 24. f6+ Kd7 25. Bf5+ Kc7 26. Qg7 Raf8 27. Kh1 Nd8 28. Bxh7 Qd4 29. Ng6 Ne6 30. Qxh8 Rxh8 31. Nxh8 Qh4 32. Bg6 Qxh8 33. Bxf7 Nf8 34. Bxd5 Kd6 35. c4 b6 36. Rd1 Qh4 37. f7 Ke7 38. Bb7 a5 39. Bd5 Qg5 40. Rde1 Kd6 41. h3 b5 42. Kh2 bxc4 43. Bxc4 Kc6 44. Rf3 Qd2 45. Ref1 Qc2 46. Rf6+ Kc7 47. Be6 Qh7 48. Bg4 Qd3 49. R6f5 Qd4 50. Re1 e4 51. Rf4 Qd6 52. g3 Qd2+ 53. Re2 Qd6 54. Rfxe4 Qf6 55. Re7+ Kd6 56. Re8 Qxf7 57. R8e3 Kc6 58. Kg2 Kb6 59. Bf3 a4 60. Rb2+ Ka5 61. Re5 Qf6 62. Rxc5+ Ka6 63. Rcb5 Qd4 64. Rb7 Ne6 65. R2b6+ Ka5 66. Rxe6 Qd2+ 67. Re2 Qd4 68. Rbe7 a3 69. R7e5+ Ka6 70. h4 Ka7 71. Rg5 Kb8 72. Re6 Qd2+ 73. Kh3 Kc7 74. Rf6 Kd8 75. Rg7 Ke8 76. Rh6 Kf8 77. Rg5 Qe1 78. Kg4 Qe6+ 79. Kh5 Qf7+ 80. Kg4 Qd7+ 81. Rf5+ Kg7 82. Rhh5 Qd4+ 83. Kh3 Qd2 84. Rhg5+ Kh6 85. Kg4 Qd4+ 86. Rf4 Qa1 87. Be4 Qd1+ 88. Rf3 Qd7+ 89. Rff5 Qd1+ 90. Kf4 Qd2+ 91. Kg4 Qd1+ 92. Bf3 Qd4+ 93. Kh3 Qa1 94. h5 Qf1+ 95. Kg4 Qc4+ 96. Rf4 Qc8+ 97. Rgf5 Qg8+ 98. Kh4 Qd8+ 99. Rf6+ Kg7 100. g4 Qd1 101. Bxd1 1-0

[Event "Titled Tuesday intern op 27th Sep Late"]
[Site "Chess.com INT"]
[Date "2022.09.27"]
[Round "1"]
[White "Jean Louis, Marckens"]
[Black "Mihajlov, Sebastian"]
[Result "1/2-1/2"]
[WhiteElo "2031"]
[BlackElo "2375"]
[PlyCount "139"]
[EventDate "2022.09.27"]
[EventType "swiss (blitz)"]
[EventRounds "11"]
[EventCountry "USA"]
[SourceTitle "CBM 210 Extra"]
[Source "ChessBase"]
[SourceDate "2022.11.30"]
[SourceVersion "1"]
[SourceVersionDate "2022.11.30"]
[SourceQuality "1"]

1. d4 h6 2. Nf3 a6 3. e4 g5 4. h3 Bg7 5. b3 e6 6. Bb2 Ne7 7. Bd3 d6 8. Qe2 Ng6 9. g3 Nd7 10. e5 dxe5 11. Bxg6 fxg6 12. dxe5 Qe7 13. Nc3 0-0 14. Ne4 Qf7 15. Nfxg5 hxg5 16. Nxg5 Qf5 17. f4 Bh6 18. h4 Nc5 19. 0-0-0 b6 20. b4 Na4 21. Bd4 Bb7 22. Rhf1 Bxg5 23. fxg5 Bf3 24. Qc4 c5 25. bxc5 Nxc5 26. Bxc5 Rac8 27. Rd6 Rxc5 28. Qxe6+ Qxe6 29. Rxe6 Rxc2+ 30. Kxc2 Be4+ 31. Kc3 Rxf1 32. Rxb6 Rf3+ 33. Kd4 Bf5 34. Rxa6 Rxg3 35. e6 Rg4+ 36. Ke5 Re4+ 37. Kf6 Re1 38. h5 Bd3 39. Ra8+ Kh7 40. Ra7+ Kg8 41. Ra8+ Kh7 42. hxg6+ Bxg6 43. Ra7+ Kg8 44. Kxg6 Rxe6+ 45. Kf5 Re2 46. a4 Rf2+ 47. Ke5 Re2+ 48. Kf4 Rf2+ 49. Kg3 Ra2 50. a5 Ra1 51. a6 Ra5 52. Kg4 Ra4+ 53. Kh5 Ra5 54. Kg6 Kf8 55. Rf7+ Kg8 56. a7 Ra6+ 57. Rf6 Rxa7 58. Rb6 Ra8 59. Rb7 Kh8 60. Kh6 Kg8 61. g6 Kh8 62. Rh7+ Kg8 63. Rb7 Kh8 64. Rg7 Rb8 65. Rf7 Kg8 66. Rf6 Kh8 67. Rc6 Kg8 68. g7 Re8 69. Kg6 Re6+ 70. Rxe6 1/2-1/2

[Event "Titled Tuesday intern op 27th Sep Late"]
[Site "Chess.com INT"]
[Date "2022.09.27"]
[Round "6"]
[White "Jean Louis, Marckens"]
[Black "Silva Lucena, Cristian"]
[Result "1/2-1/2"]
[WhiteElo "2031"]
[BlackElo "2290"]
[PlyCount "81"]
[EventDate "2022.09.27"]
[EventType "swiss (blitz)"]
[EventRounds "11"]
[EventCountry "USA"]
[SourceTitle "CBM 210 Extra"]
[Source "ChessBase"]
[SourceDate "2022.11.30"]
[SourceVersion "1"]
[SourceVersionDate "2022.11.30"]
[SourceQuality "1"]

1. d4 Nf6 2. Nf3 g6 3. c4 d6 4. Nc3 Bf5 5. g3 Ne4 6. Bg2 Nxc3 7. bxc3 Be4 8. 0-0 Bg7 9. Qb3 b6 10. d5 0-0 11. Nd4 Bxg2 12. Kxg2 c5 13. Nf3 Nd7 14. a4 Rb8 15. Bf4 Qc7 16. e4 f5 17. Rfe1 Rbe8 18. exf5 Rxf5 19. Re4 Nf6 20. Re6 Rxf4 21. gxf4 Nh5 22. Re4 Rf8 23. Ng5 Nxf4+ 24. Rxf4 Rxf4 25. Ne6 Qd7 26. Nxf4 Qg4+ 27. Kf1 Qxf4 28. Qb5 Bf6 29. Re1 Qxh2 30. Qe8+ Kg7 31. Rxe7+ Bxe7 32. Qxe7+ Kh6 33. Qxa7 Qh1+ 34. Ke2 Qe4+ 35. Kd2 Qxc4 36. Qxb6 Qxd5+ 37. Ke3 Qe5+ 38. Kd3 Qd5+ 39. Ke3 Qg5+ 40. Kd3 Qd5+ 41. Ke3 1/2-1/2

[Event "Titled Tuesday intern op 27th Sep Late"]
[Site "Chess.com INT"]
[Date "2022.09.27"]
[Round "5"]
[White "Petrova, Irina"]
[Black "Jean Louis, Marckens"]
[Result "0-1"]
[WhiteElo "2127"]
[BlackElo "2031"]
[PlyCount "123"]
[EventDate "2022.09.27"]
[EventType "swiss (blitz)"]
[EventRounds "11"]
[EventCountry "USA"]
[SourceTitle "CBM 210 Extra"]
[Source "ChessBase"]
[SourceDate "2022.11.30"]
[SourceVersion "1"]
[SourceVersionDate "2022.11.30"]
[SourceQuality "1"]

1. e4 e6 2. d4 d5 3. Nc3 Nf6 4. Bg5 dxe4 5. Nxe4 Be7 6. Bxf6 Bxf6 7. Nf3 0-0 8. c3 b6 9. Bd3 Bb7 10. Qc2 g6 11. h4 Nd7 12. h5 c5 13. dxc5 Nxc5 14. Nxc5 bxc5 15. 0-0-0 Qe7 16. hxg6 fxg6 17. Kb1 Rad8 18. Be4 Bd5 19. Rhe1 Qf7 20. c4 Bxe4 21. Qxe4 Rxd1+ 22. Rxd1 Rb8 23. b3 Bg7 24. Rd6 Re8 25. Qc6 Qf5+ 26. Kc1 Kf8 27. Rd7 Qf4+ 28. Kc2 Qf5+ 29. Kd2 Qb1 30. Qxc5+ Kg8 31. Ke2 Qxa2+ 32. Rd2 Qxb3 33. Qc6 Qb8 34. g3 h6 35. Kf1 Kh7 36. Kg2 e5 37. Rd7 e4 38. Nh4 Qe5 39. Qxg6+ Kg8 40. Qf7+ Kh7 41. Qf5+ Kg8 42. Qxe5 Rxe5 43. Rxa7 e3 44. fxe3 Rc5 45. Ra4 Rg5 46. Kf3 Be5 47. g4 Rg7 48. Nf5 Rb7 49. Ra8+ Kh7 50. Rc8 Kg6 51. c5 h5 52. c6 Rb1 53. Ne7+ Kf7 54. Nd5 hxg4+ 55. Kxg4 Ke6 56. Nf4+ Kd6 57. c7 Kd7 58. Re8 Bxc7 59. Rg8 Rg1+ 60. Kf5 Rxg8 61. e4 Rf8+ 62. Kg4 0-1

[Event "Titled Tuesday intern op 27th Sep Early"]
[Site "Chess.com INT"]
[Date "2022.09.27"]
[Round "4"]
[White "Sukandar, Irine Kharisma"]
[Black "Jean Louis, Marckens"]
[Result "0-1"]
[WhiteElo "2401"]
[BlackElo "2031"]
[PlyCount "74"]
[EventDate "2022.09.27"]
[EventType "swiss (blitz)"]
[EventRounds "11"]
[EventCountry "USA"]
[SourceTitle "CBM 210 Extra"]
[Source "ChessBase"]
[SourceDate "2022.11.30"]
[SourceVersion "1"]
[SourceVersionDate "2022.11.30"]
[SourceQuality "1"]

1. d4 e6 2. c4 d5 3. Nc3 Nf6 4. Nf3 Bb4 5. Qa4+ Nc6 6. e3 0-0 7. Bd3 a6 8. Qc2 h6 9. 0-0 dxc4 10. Bxc4 b5 11. Bd3 Bb7 12. Ne4 Be7 13. a3 Na5 14. Nxf6+ Bxf6 15. Bd2 Nc4 16. Bxc4 bxc4 17. Qxc4 Bd5 18. Qe2 c5 19. Bc3 cxd4 20. Nxd4 Rc8 21. Rfd1 Qb6 22. e4 Ba8 23. e5 Be7 24. Rac1 Rfd8 25. Nc2 Qb7 26. Qg4 Qb3 27. Ne3 Rxd1+ 28. Qxd1 Qb7 29. Bb4 Rd8 30. Qe1 Bg5 31. Qe2 Qe4 32. Bd6 Qb7 33. Re1 Rc8 34. Qg4 Qxb2 35. h4 Bxe3 36. Rxe3 Rc1+ 37. Kh2 Qxf2 0-1